Moby dick / (Record no. 3659)

MARC details
000 -LEADER
fixed length control field 01084nam a22002417a 4500
001 - CONTROL NUMBER
control field 3659
003 - CONTROL NUMBER IDENTIFIER
control field FISKH
005 - DATE AND TIME OF LATEST TRANSACTION
control field 20240913130508.0
008 - FIXED-LENGTH DATA ELEMENTS--GENERAL INFORMATION
fixed length control field 240403b cb ||||| |||| 00| 0 eng d
040 ## - CATALOGING SOURCE
Original cataloging agency FISK
Language of cataloging eng
Transcribing agency FISK
Modifying agency FISK
050 ## - LIBRARY OF CONGRESS CALL NUMBER
Classification number PS2384.M6
082 ## - DEWEY DECIMAL CLASSIFICATION NUMBER
Classification number 813.3
100 ## - MAIN ENTRY--PERSONAL NAME
Personal name Melville Herman
Dates associated with a name 1819-1891
245 ## - TITLE STATEMENT
Title Moby dick /
Statement of responsibility, etc. Herman Melville
260 ## - PUBLICATION, DISTRIBUTION, ETC.
Place of publication, distribution, etc. London :
Name of publisher, distributor, etc. Harper Press,
Date of publication, distribution, etc. 2013
300 ## - PHYSICAL DESCRIPTION
Extent 618 pages :
Dimensions 18 cm
505 ## - FORMATTED CONTENTS NOTE
Formatted contents note Z
520 ## - SUMMARY, ETC.
Summary, etc. The itinerant sailor Ishmael begins a voyage on the whaling ship Pequod whose captain, Ahab, wishes to exact revenge upon the whale Moby-Dick, who destroyed his last ship and took his leg. As they search for the savage white whale, Ishmael questions all aspects of life. The story is woven in complex, lyrical language and uses many theatrical forms, such as stage direction and soliloquy. It is considered the exemplar of American Romanticism, and one of the greatest American novels of all time.
521 8# - TARGET AUDIENCE NOTE
Target audience note 1230
Source Lexile
700 ## - ADDED ENTRY--PERSONAL NAME
Personal name Herman Melville
942 ## - ADDED ENTRY ELEMENTS (KOHA)
Source of classification or shelving scheme Dewey Decimal Classification
Koha item type Books
Suppress in OPAC No
Holdings
Withdrawn status Lost status Source of classification or shelving scheme Damaged status Not for loan Collection Home library Current library Shelving location Date acquired Total Checkouts Full call number Barcode Date last seen Date last checked out Copy number Price effective from Koha item type
    Dewey Decimal Classification     Fiction Footprints International School Library Network Toul Tom Poung Campus Footprints International School Library Network Toul Tom Poung Campus TTP Secondary Fiction Bookshelves 04/03/2024 3 MEL PS2384.M6 813.3 2024-0458 12/17/2025 10/22/2025 1 04/03/2024 Books